00796nam a22002177a 4500999001700000003000900017008004100026040007100067082002400138100002400162245004300186260002700229300002800256505009600284650002000380650001700400650002100417942001600438945002000454952010400474 c16218d16218AR-CdUCM190502b ||||| |||| 00| 0 spa d aMUNICIPALIDAD PROVINCIAL DEL CUSCOcBIBLIOTECA MUNICIPAL DEL CUSCO a940.4 /bC61 / 1936 aClemenceau, Georges aGrandezas y miserias de una victoria / aChile : bOhas,c1936. a283 páginas ;c20 cm. aContenido : Envio -- Entrada en materia -- La unidad de mando -- El camino de las damas ... aHistorias92725 aLuchas96249 aVictorias935529 2ddccLIBROS arahd02/05/2019 002ddc4070aSCAbSCAcCARTd2019-05-02g20.00o940.4 / C61 / 1936pSCA0003767r2019-05-02yLIBROS